| 000 | 00831nab a2200241 u 4500 | ||
|---|---|---|---|
| 001 | 10255 | ||
| 003 | HDC | ||
| 007 | cr bn ---aaaaa | ||
| 008 | 210104c mydr|noo 0 a may d | ||
| 040 | _aHDC | ||
| 100 |
_aFitria Rahmadianti _eauthor _910486 |
||
| 245 | 0 |
_aPalsukan Daging Halal Akhirnya Perusahaan Inggris Didenda Rp 1 Miliar / _cby Fitria Rahmadianti |
|
| 260 |
_a[No place] : _bDetik.com, _c[no year] |
||
| 336 |
_atext _2rdacontent |
||
| 337 |
_acomputer _2rdamedia |
||
| 338 |
_aonline resource _2rdacarrier |
||
| 650 |
_aHalal issues _91644 |
||
| 650 |
_aHalal meat _91025 |
||
| 856 | _zRequest full-text at [email protected] | ||
| 942 | _2lcc | ||
| 942 | _cNEWS | ||
| 942 | _kNWSO 000417 | ||
| 999 |
_c7578 _d7578 |
||